[Event "BL 2425 SK Kirchweyhe - SC Heimbach-Weis"]
[Site "?"]
[Date "2025.03.22"]
[Round "11.2"]
[White "Markus, Robert"]
[Black "Nasuta, Grzegorz"]
[Result "1/2-1/2"]
[WhiteElo "2596"]
[BlackElo "2514"]
[PlyCount "40"]
[EventDate "2025.??.??"]

1. d4 d5 2. c4 c6 3. Nf3 Nf6 4. Nc3 e6 5. e3 Nbd7 6. Qc2 Bd6 7. Be2 O-O 8. O-O dxc4 9. a4 c5 10. Rd1 b6 11. Nd2 Bb7 12. Nxc4 Be7 13. dxc5 Bxc5 14. Nd6 Bxd6 15. Rxd6 Rc8 16. Rd1 Nd5 17. e4 Nxc3 18. bxc3 Qc7 19. f3 Rfd8 20. Bb5 a6 1/2-1/2

[Event "BL 2425 SK Kirchweyhe - SC Heimbach-Weis"]
[Site "?"]
[Date "2025.03.22"]
[Round "11.3"]
[White "Krejci, Jan"]
[Black "Stevic, Hrvoje"]
[Result "1/2-1/2"]
[WhiteElo "2525"]
[BlackElo "2543"]
[PlyCount "41"]
[EventDate "2025.??.??"]

1. c4 c6 2. Nf3 d5 3. e3 Nf6 4. Nc3 a6 5. h3 Nbd7 6. d4 e6 7. b3 Bb4 8. Bd2 O-O 9. Bd3 Bd6 10. O-O e5 11. cxd5 cxd5 12. dxe5 Nxe5 13. Nxe5 Bxe5 14. Rc1 Bb8 15. Ne2 Qd6 16. Ng3 Ne4 17. Bxe4 dxe4 18. Qc2 Bd7 19. Bc3 Qg6 20. Qxe4 Bxg3 21. Qxg6 1/2-1/2

[Event "BL 2425 SK Kirchweyhe - SC Heimbach-Weis"]
[Site "?"]
[Date "2025.03.22"]
[Round "11.4"]
[White "Jovanovic, Zoran"]
[Black "Zilka, Stepan"]
[Result "1/2-1/2"]
[WhiteElo "2510"]
[BlackElo "2525"]
[PlyCount "45"]
[EventDate "2025.??.??"]

1. e4 e5 2. Nf3 Nc6 3. Bc4 Bc5 4. d3 Nf6 5. Nc3 h6 6. Be3 Bxe3 7. fxe3 d6 8. a3 Be6 9. Rf1 Qd7 10. Qe2 Ne7 11. O-O-O O-O-O 12. d4 Bxc4 13. Qxc4 Ng4 14. Rd3 exd4 15. exd4 f5 16. e5 dxe5 17. Nxe5 Nxe5 18. dxe5 Qc6 19. Qxc6 Nxc6 20. Rxd8+ Kxd8 21. Rxf5 g6 22. Rf7 Nxe5 23. Rf4 1/2-1/2

[Event "BL 2425 SK Kirchweyhe - SC Heimbach-Weis"]
[Site "?"]
[Date "2025.03.22"]
[Round "11.5"]
[White "Ferreira, Jorge Viterbo"]
[Black "Kovacevic, Aleksandar"]
[Result "1-0"]
[WhiteElo "2537"]
[BlackElo "2454"]
[PlyCount "45"]
[EventDate "2025.??.??"]

1. e4 e5 2. Nf3 Nf6 3. d4 Nxe4 4. Bd3 Nc6 5. Nxe5 Nxe5 6. dxe5 Nc5 7. Bc4 d6 8. Qf3 Ne6 9. Be3 c6 10. exd6 Bxd6 11. Nd2 O-O 12. O-O-O Qc7 13. Ne4 Be5 14. h4 Re8 15. Kb1 h6 16. g4 Nf8 17. g5 Be6 18. Bxe6 Rxe6 19. gxh6 gxh6 20. Rhg1+ Kh8 21. Qh5 Nh7 22. Bxh6 Rxh6 23. Qxh6 1-0

[Event "BL 2425 SK Kirchweyhe - SC Heimbach-Weis"]
[Site "?"]
[Date "2025.03.22"]
[Round "11.6"]
[White "Kovacevic, Blazimir"]
[Black "Neugebauer, Martin"]
[Result "0-1"]
[WhiteElo "2370"]
[BlackElo "2506"]
[PlyCount "68"]
[EventDate "2025.??.??"]

1. d4 Nf6 2. Nf3 e6 3. Bg5 c5 4. e3 b6 5. d5 exd5 6. Nc3 Be7 7. Nxd5 Bb7 8. Bxf6 Bxf6 9. c3 O-O 10. Bc4 Nc6 11. O-O Na5 12. Qd3 a6 13. a4 g6 14. e4 Bg7 15. Ne3 Nxc4 16. Qxc4 Re8 17. Nd5 Bc6 18. Rfe1 d6 19. Qa2 b5 20. a5 b4 21. cxb4 Bxd5 22. exd5 cxb4 23. Rac1 Rb8 24. b3 Bc3 25. Red1 Rb5 26. Qc2 Qxa5 27. Qd3 Rc5 28. h4 Qb5 29. Qxb5 Rxb5 30. Nd2 Rxd5 31. Nc4 Rd4 32. Nxd6 Rxd1+ 33. Rxd1 Rd8 34. f4 Kf8 0-1

[Event "BL 2425 SK Kirchweyhe - SC Heimbach-Weis"]
[Site "?"]
[Date "2025.03.22"]
[Round "11.7"]
[White "Winterberg, Lukas"]
[Black "Genov, Petar"]
[Result "1/2-1/2"]
[WhiteElo "2423"]
[BlackElo "2408"]
[PlyCount "42"]
[EventDate "2025.??.??"]

1. d4 g6 2. c4 Bg7 3. Nc3 c5 4. d5 Bxc3+ 5. bxc3 d6 6. e4 e5 7. Bd3 Nd7 8. f4 exf4 9. Bxf4 Qh4+ 10. Bg3 Qe7 11. Nf3 Nh6 12. O-O O-O 13. h3 f6 14. Qd2 Nf7 15. Rf2 Nde5 16. Nxe5 Nxe5 17. Raf1 Bd7 18. Be2 Rae8 19. Bh4 g5 20. Bg3 Kg7 21. Bh5 Nxc4 1/2-1/2

[Event "BL 2425 SK Kirchweyhe - SC Heimbach-Weis"]
[Site "?"]
[Date "2025.03.22"]
[Round "11.8"]
[White "Kulon, Klaudia"]
[Black "Tica, Sven"]
[Result "0-1"]
[WhiteElo "2401"]
[BlackElo "2436"]
[PlyCount "86"]
[EventDate "2025.??.??"]

1. d4 d5 2. Nf3 e6 3. Bf4 Bd6 4. e3 Qe7 5. c3 Nd7 6. Bg3 Ngf6 7. Ne5 Ne4 8. f4 Bxe5 9. dxe5 f6 10. Bh4 Qc5 11. Qd4 fxe5 12. fxe5 g5 13. Bg3 Qb6 14. b3 c5 15. Qd1 h5 16. Nd2 h4 17. Nxe4 dxe4 18. Bf2 Nxe5 19. Qc2 Qc6 20. O-O-O Bd7 21. c4 O-O-O 22. Be1 Rhf8 23. Be2 Qc7 24. b4 cxb4 25. Bxb4 Rf2 26. Bd6 Nd3+ 27. Bxd3 Rxc2+ 28. Bxc2 Qxc4 29. Kb1 Ba4 30. Rc1 Kd7 31. Rhd1 Ke8 32. Rd4 Qb5+ 33. Ka1 Bxc2 34. Rxc2 Qf1+ 35. Kb2 Qf6 36. Bc5 b6 37. Bb4 Rxd4 38. exd4 Qxd4+ 39. Bc3 Qd3 40. Rd2 Qb5+ 41. Kc2 e3 42. Rd3 Qa4+ 43. Kb2 Qe4 0-1

[Event "BL 2425 SF Bad Mergentheim - SG Solingen"]
[Site "?"]
[Date "2025.03.22"]
[Round "11.1"]
[White "Warmerdam, Max"]
[Black "Kazakouski, Valery"]
[Result "1/2-1/2"]
[WhiteElo "2630"]
[BlackElo "2551"]
[PlyCount "98"]
[EventDate "2025.??.??"]

1. Nf3 d5 2. d4 Nf6 3. Bf4 c5 4. e3 Nc6 5. Nbd2 cxd4 6. exd4 Bg4 7. c3 e6 8. Bd3 Be7 9. O-O Bh5 10. Re1 O-O 11. a4 Bg6 12. Bxg6 hxg6 13. h4 Re8 14. Qe2 Rc8 15. g3 Nh7 16. Kg2 Nf8 17. Ng5 Qb6 18. b4 Nd8 19. Rac1 f6 20. Ngf3 Nf7 21. b5 Bd6 22. Be3 Qd8 23. c4 dxc4 24. Rxc4 Rxc4 25. Qxc4 Bb8 26. Ne4 Re7 27. Rd1 Rc7 28. Qd3 Qd5 29. Bf4 Rc8 30. Bxb8 Rxb8 31. Nc3 Qf5 32. Qe3 b6 33. d5 e5 34. Nd2 Qd7 35. Nde4 f5 36. Nd2 Rc8 37. d6 Qxd6 38. Nde4 Qe6 39. Ng5 Nxg5 40. hxg5 Qb3 41. Rd3 Qe6 42. Qd2 Qf7 43. Rd6 f4 44. Rc6 Re8 45. Ne4 fxg3 46. fxg3 Ne6 47. Nd6 Qd7 48. Qd5 Rf8 49. Rc7 Qxc7 1/2-1/2

[Event "BL 2425 SF Bad Mergentheim - SG Solingen"]
[Site "?"]
[Date "2025.03.22"]
[Round "11.2"]
[White "Pultinevicius, Paulius"]
[Black "Harikrishna, Pentala"]
[Result "1/2-1/2"]
[WhiteElo "2563"]
[BlackElo "2704"]
[PlyCount "95"]
[EventDate "2025.??.??"]

1. d4 Nf6 2. c4 e6 3. Nf3 Bb4+ 4. Nbd2 Be7 5. e4 d5 6. e5 Nfd7 7. Bd3 c5 8. O-O Nc6 9. Nb3 dxc4 10. Bxc4 Nb6 11. Bb5 c4 12. Bxc6+ bxc6 13. Nc5 O-O 14. Qc2 Qd5 15. Re1 f5 16. exf6 Bxf6 17. Be3 Bd7 18. Rad1 Be8 19. Ne5 Bxe5 20. dxe5 Qxe5 21. Bd4 Qf5 22. Qc3 Nd5 23. Qg3 Qg6 24. Nxe6 Qxg3 25. hxg3 Rf7 26. Rc1 Nb6 27. Re5 Rd7 28. Rce1 Bf7 29. Bc3 Nd5 30. Nd4 Rc8 31. Nf5 Rcc7 32. R1e4 Nxc3 33. bxc3 c5 34. Rg4 g6 35. Nh6+ Kg7 36. Nxf7 Rd1+ 37. Kh2 Rxf7 38. Re2 Rf5 39. Rxc4 Rh5+ 40. Rh4 Rxh4+ 41. gxh4 Kf6 42. Rb2 Rc1 43. Rb7 h5 44. Rxa7 Rxc3 45. Ra6+ Kf7 46. f3 c4 47. Kg3 Rc2 48. Rc6 1/2-1/2

[Event "BL 2425 SF Bad Mergentheim - SG Solingen"]
[Site "?"]
[Date "2025.03.22"]
[Round "11.3"]
[White "L'Ami, Erwin"]
[Black "Laurusas, Tomas"]
[Result "1/2-1/2"]
[WhiteElo "2616"]
[BlackElo "2579"]
[PlyCount "50"]
[EventDate "2025.??.??"]

1. e4 e5 2. Nf3 Nf6 3. Nxe5 d6 4. Nf3 Nxe4 5. Nc3 Nxc3 6. dxc3 Be7 7. Be3 Nc6 8. Qd2 Be6 9. O-O-O Qd7 10. b3 Bf6 11. h3 h6 12. g4 O-O-O 13. Bg2 Kb8 14. Rhe1 Rhe8 15. Nd4 Nxd4 16. Bxd4 Bxd4 17. cxd4 d5 18. f4 Qd6 19. f5 Bd7 20. Kb2 f6 21. Qa5 c6 22. Rd3 b6 23. Qd2 Rxe1 24. Qxe1 Re8 25. Qf2 Bc8 1/2-1/2

[Event "BL 2425 SF Bad Mergentheim - SG Solingen"]
[Site "?"]
[Date "2025.03.22"]
[Round "11.4"]
[White "Rakotomaharo, Fy Antenaina"]
[Black "Ragger, Markus"]
[Result "1/2-1/2"]
[WhiteElo "2438"]
[BlackElo "2581"]
[PlyCount "72"]
[EventDate "2025.??.??"]

1. e4 e5 2. Nf3 Nc6 3. Bc4 Bc5 4. O-O Nf6 5. d3 d6 6. c3 a5 7. Re1 Ba7 8. Na3 h6 9. Nb5 Bb6 10. a4 O-O 11. h3 Ne7 12. Qb3 Ng6 13. d4 Nh5 14. Be3 Qf6 15. dxe5 dxe5 16. Bxb6 Qxb6 17. Rad1 Nhf4 18. Re3 Be6 19. Bxe6 Nxe6 20. Qc4 Rad8 21. Ree1 Rxd1 22. Rxd1 c6 23. Nd6 Qxb2 24. h4 Rd8 25. h5 Ngf4 26. Nxe5 Qc2 27. Qf1 Ng5 28. Qe1 Qxc3 29. Qxc3 Ne2+ 30. Kf1 Nxc3 31. Rd3 Ncxe4 32. Nxb7 Rxd3 33. Nxd3 Ne6 34. Nxa5 N6c5 35. Nxc5 Nxc5 36. Nxc6 Nxa4 1/2-1/2

[Event "BL 2425 SF Bad Mergentheim - SG Solingen"]
[Site "?"]
[Date "2025.03.22"]
[Round "11.5"]
[White "Van Wely, Loek"]
[Black "Ikonnikov, Vyacheslav"]
[Result "1-0"]
[WhiteElo "2601"]
[BlackElo "2440"]
[PlyCount "89"]
[EventDate "2025.??.??"]

1. Nf3 d5 2. c4 d4 3. b4 Bg4 4. Qb3 Nf6 5. Bb2 Nc6 6. b5 Na5 7. Qd3 Bxf3 8. gxf3 c5 9. f4 g6 10. e3 Bg7 11. Na3 a6 12. Be2 Nd7 13. Rb1 e5 14. f5 Qh4 15. Bf3 Nf6 16. exd4 exd4 17. O-O O-O 18. Bg2 Bh6 19. bxa6 Rxa6 20. Bc1 Nh5 21. Rb5 b6 22. Qf3 Bf4 23. h3 Qg5 24. Qg4 gxf5 25. Qxg5+ Bxg5 26. Kh1 Kg7 27. Bf3 Kh6 28. Rg1 f6 29. Rb1 Nf4 30. h4 Bxh4 31. d3 Bg5 32. Bxf4 Bxf4 33. Nb5 Nxc4 34. dxc4 Rxa2 35. Rg2 Rc2 36. Bd1 Rxc4 37. Rb3 d3 38. Rxd3 Bg5 39. Nd6 Rh4+ 40. Kg1 Rf4 41. Bc2 Kg7 42. Nxf5+ Kh8 43. Rd7 Rc4 44. Rh2 h6 45. Nxh6 1-0

[Event "BL 2425 SF Bad Mergentheim - SG Solingen"]
[Site "?"]
[Date "2025.03.22"]
[Round "11.6"]
[White "Neuman, Petr"]
[Black "Smeets, Jan"]
[Result "0-1"]
[WhiteElo "2421"]
[BlackElo "2559"]
[PlyCount "76"]
[EventDate "2025.??.??"]

1. e4 c5 2. Nf3 d6 3. c3 Nf6 4. Be2 g6 5. O-O Bg7 6. Bb5+ Nc6 7. e5 Nd5 8. d4 O-O 9. dxc5 dxe5 10. Qe2 Qc7 11. Rd1 Rd8 12. Na3 Bf5 13. Bc4 Nf6 14. Be3 e4 15. Nd4 Ng4 16. g3 Nxe3 17. Qxe3 a6 18. Nxf5 gxf5 19. Be2 Ne5 20. b4 Rxd1+ 21. Rxd1 Rd8 22. Rxd8+ Qxd8 23. Nc2 e6 24. a3 Qd5 25. Kg2 Nd3 26. Nd4 h6 27. f3 Bxd4 28. cxd4 Ne1+ 29. Kf1 Nc2 30. Qc3 Nxd4 31. Bc4 Qd8 32. f4 Nb5 33. Bxb5 axb5 34. Ke1 Qd5 35. Qd2 Kf8 36. Qc3 Ke7 37. h3 h5 38. Kf2 f6 0-1

[Event "BL 2425 SF Bad Mergentheim - SG Solingen"]
[Site "?"]
[Date "2025.03.22"]
[Round "11.7"]
[White "Naumann, Alexander"]
[Black "Gatineau, Yovann"]
[Result "1/2-1/2"]
[WhiteElo "2472"]
[BlackElo "2368"]
[PlyCount "101"]
[EventDate "2025.??.??"]

1. c4 e6 2. g3 d5 3. Bg2 dxc4 4. Qa4+ Nd7 5. Qxc4 a6 6. Qc2 Rb8 7. Nf3 b5 8. d4 Bb7 9. O-O Ngf6 10. Rd1 c5 11. Be3 Nd5 12. Bg5 Be7 13. Bxe7 Qxe7 14. Nc3 Nxc3 15. Qxc3 O-O 16. dxc5 Nxc5 17. Rac1 Rbc8 18. Qa3 Rc7 19. Ne5 Bxg2 20. Kxg2 f6 21. Nd3 Nxd3 22. Qxe7 Rxe7 23. Rxd3 Kf7 24. b4 a5 25. a3 Ra8 26. Rc5 Rb7 27. f4 axb4 28. axb4 Ra4 29. Rd4 Ra3 30. h4 Rb3 31. g4 Re3 32. Kf2 Rh3 33. h5 g6 34. Rd3 Rh1 35. Kg2 Rb1 36. Rd4 gxh5 37. Rxh5 Kg6 38. Rc5 Kf7 39. Kf2 Rb2 40. Kf3 Rb3+ 41. e3 Rb1 42. Rc6 Re7 43. Rb6 e5 44. Rdd6 exf4 45. Rxf6+ Kg7 46. Rxf4 Rb3 47. Rxb5 Rexe3+ 48. Kf2 Rec3 49. Re4 Rc2+ 50. Re2 Rc4 51. Rg5+ 1/2-1/2

[Event "BL 2425 SF Bad Mergentheim - SG Solingen"]
[Site "?"]
[Date "2025.03.22"]
[Round "11.8"]
[White "Gasthofer, Alexander"]
[Black "Wegerle, Joerg"]
[Result "1/2-1/2"]
[WhiteElo "2391"]
[BlackElo "2412"]
[PlyCount "43"]
[EventDate "2025.??.??"]

1. Nf3 d5 2. g3 Nf6 3. Bg2 g6 4. c4 c6 5. b3 Bg7 6. Bb2 O-O 7. O-O b6 8. d4 Bb7 9. Nc3 e6 10. Qc2 Qe7 11. Rfd1 Na6 12. e4 Nb4 13. Qe2 Nxe4 14. Nxe4 dxe4 15. Qxe4 c5 16. Qe2 Rad8 17. dxc5 Bxb2 18. Qxb2 bxc5 19. h4 Bxf3 20. Bxf3 Rxd1+ 21. Rxd1 Rd8 22. Rxd8+ 1/2-1/2

[Event "BL 2425 USV TU Dresden - Düsseldorfer S"]
[Site "?"]
[Date "2025.03.22"]
[Round "11.1"]
[White "Erigaisi Arjun"]
[Black "Pechac, Jergus"]
[Result "1-0"]
[WhiteElo "2777"]
[BlackElo "2598"]
[PlyCount "104"]
[EventDate "2025.??.??"]

1. Nf3 d5 2. b3 c5 3. e3 Nc6 4. Bb2 e6 5. a3 Nf6 6. d4 cxd4 7. exd4 Bd6 8. Bd3 b6 9. O-O O-O 10. Nbd2 Bb7 11. Ne5 Rc8 12. f4 Ne7 13. Qe2 Rc7 14. Rf2 a6 15. g4 b5 16. Re1 Kh8 17. h4 Ne4 18. Nxe4 dxe4 19. Bxe4 Bxe4 20. Qxe4 f5 21. Qg2 Bxe5 22. Rxe5 Ng6 23. Rxe6 Qxh4 24. d5 Rcf7 25. d6 fxg4 26. f5 g3 27. Rf3 Qh5 28. f6 Qc5+ 29. Kf1 gxf6 30. Qxg3 Qxc2 31. Rexf6 Kg8 32. Rf2 Rxf6 33. Bxf6 Qd1+ 34. Kg2 Qd5+ 35. Kg1 Qe6 36. Bc3 Rxf2 37. Kxf2 Qxb3 38. Qd3 Qf7+ 39. Ke3 Nf4 40. Qe4 Nd5+ 41. Kd4 Nf6 42. Qa8+ Kg7 43. Qc6 Kf8 44. Qc8+ Kg7 45. Ke3 a5 46. Qc7 Kf8 47. Bxf6 Qe6+ 48. Kd4 Qxf6+ 49. Kc5 Qe5+ 50. Kc6 Qe4+ 51. Kb6 Qe6 52. Kb7 Qd5+ 1-0

[Event "BL 2425 USV TU Dresden - Düsseldorfer S"]
[Site "?"]
[Date "2025.03.22"]
[Round "11.2"]
[White "Michalik, Peter"]
[Black "Nepomniachtchi, Ian"]
[Result "1/2-1/2"]
[WhiteElo "2564"]
[BlackElo "2753"]
[PlyCount "96"]
[EventDate "2025.??.??"]

1. d4 Nf6 2. c4 e6 3. Nf3 d5 4. Nc3 Bb4 5. Bg5 dxc4 6. e4 h6 7. Bxf6 Qxf6 8. Bxc4 c5 9. O-O cxd4 10. Nb5 Qe7 11. Qxd4 O-O 12. Nxa7 Bc5 13. Nxc8 Rxc8 14. Qd3 Nc6 15. Qe2 Rd8 16. Rfd1 g5 17. h3 Qf6 18. g3 h5 19. Kg2 Kf8 20. e5 Qg7 21. Rxd8+ Rxd8 22. Rd1 Rxd1 23. Qxd1 g4 24. hxg4 hxg4 25. Nh2 Qxe5 26. Qe2 Qxe2 27. Bxe2 f5 28. f3 gxf3+ 29. Bxf3 Ke7 30. g4 Kd6 31. gxf5 exf5 32. Bxc6 Kxc6 33. Kf3 Kd5 34. Nf1 Bd4 35. Ng3 Ke5 36. b3 Bc5 37. Ne2 Ba3 38. Nc3 Bb4 39. Nd1 Bd2 40. Nb2 Kd5 41. Nc4 Bc1 42. a4 Kc5 43. Na5 b6 44. Nc4 Bg5 45. a5 bxa5 46. Nxa5 Kb4 47. Nc4 Kxb3 48. Nd6 Ka2 1/2-1/2

[Event "BL 2425 USV TU Dresden - Düsseldorfer S"]
[Site "?"]
[Date "2025.03.22"]
[Round "11.3"]
[White "Giri, Anish"]
[Black "Maiwald, Jens-Uwe"]
[Result "1-0"]
[WhiteElo "2737"]
[BlackElo "2427"]
[PlyCount "56"]
[EventDate "2025.??.??"]

1. e4 c6 2. d4 d5 3. e5 Bf5 4. Nd2 e6 5. Nb3 Nd7 6. Nf3 Ne7 7. Be2 h6 8. O-O Bh7 9. a4 Rc8 10. Bd2 Ng6 11. a5 Be7 12. a6 b6 13. c4 dxc4 14. Bxc4 O-O 15. Re1 Nb8 16. g3 Qd7 17. h4 Rfd8 18. h5 Nf8 19. Bf4 Bb4 20. Nfd2 Qe7 21. Qf3 c5 22. dxc5 Bxc5 23. Rec1 Bd4 24. Nxd4 Rxd4 25. Bf1 Rcd8 26. Nc4 Be4 27. Qe3 Qb4 28. Nd6 g5 1-0

[Event "BL 2425 USV TU Dresden - Düsseldorfer S"]
[Site "?"]
[Date "2025.03.22"]
[Round "11.4"]
[White "Neef, Maximilian"]
[Black "Sindarov, Javokhir"]
[Result "1/2-1/2"]
[WhiteElo "2468"]
[BlackElo "2707"]
[PlyCount "103"]
[EventDate "2025.??.??"]

1. Nf3 c5 2. c4 g6 3. Nc3 Bg7 4. g3 Nc6 5. Bg2 d6 6. d3 Rb8 7. Bd2 a6 8. a4 Nf6 9. Rb1 O-O 10. O-O b6 11. Ne1 Bb7 12. Nc2 a5 13. e4 e6 14. f4 Nb4 15. Nxb4 axb4 16. Nb5 Ne8 17. Qe2 Nc7 18. Nxc7 Qxc7 19. b3 Qd7 20. Rbd1 d5 21. e5 Rfd8 22. Be3 Qe7 23. Rd2 Rd7 24. Rfd1 Rbd8 25. cxd5 exd5 26. d4 c4 27. bxc4 Ba6 28. f5 Bxc4 29. Qf3 Qe8 30. Bh3 Ra7 31. Rf2 b3 32. Bg5 Rc8 33. f6 Bf8 34. e6 fxe6 35. Re1 Rc6 36. Qg4 h5 37. Qh4 Bd3 38. g4 Bb4 39. Bd2 hxg4 40. Bxb4 gxh3 41. Rf3 Bf5 42. Rxf5 gxf5 43. Re3 Rcc7 44. Rg3+ Rg7 45. fxg7 Rxg7 46. Bd6 Qd7 47. Be7 Rxg3+ 48. hxg3 b2 49. Qg5+ Kh7 50. Qh5+ Kg7 51. Qg5+ Kh7 52. Qh5+ 1/2-1/2

[Event "BL 2425 USV TU Dresden - Düsseldorfer S"]
[Site "?"]
[Date "2025.03.22"]
[Round "11.5"]
[White "Esipenko, Andrey"]
[Black "Boensch, Uwe"]
[Result "1-0"]
[WhiteElo "2691"]
[BlackElo "2470"]
[PlyCount "93"]
[EventDate "2025.??.??"]

1. e4 c5 2. Nf3 e6 3. d4 cxd4 4. Nxd4 a6 5. Bd3 Bc5 6. Nb3 Be7 7. Qg4 g6 8. Qe2 d6 9. a4 Nd7 10. Be3 Ngf6 11. a5 O-O 12. Nc3 Re8 13. O-O d5 14. Rfd1 Bd6 15. h3 Be5 16. Qf3 dxe4 17. Bxe4 Qc7 18. Bd4 Nxe4 19. Nxe4 f5 20. Nc3 Bxd4 21. Rxd4 Nf8 22. Qe2 Bd7 23. Rc4 Qd8 24. Nc5 Bc6 25. Nd3 Bb5 26. Nxb5 axb5 27. Rc5 Rxa5 28. Rd1 b4 29. Rc4 Rd5 30. Rxb4 e5 31. Ra1 b5 32. Qe3 Qd6 33. Rb3 Ne6 34. Rba3 e4 35. Ra6 Qd8 36. Ra8 Qxa8 37. Rxa8 Rxa8 38. Qb6 Nf8 39. Nf4 Rd1+ 40. Kh2 Raa1 41. Qxb5 Nd7 42. Nd5 Ra7 43. Qc6 Kf7 44. Qd6 Nf8 45. Qf6+ Ke8 46. Qb6 Rda1 47. b4 1-0

[Event "BL 2425 USV TU Dresden - Düsseldorfer S"]
[Site "?"]
[Date "2025.03.22"]
[Round "11.6"]
[White "Tischbierek, Raj"]
[Black "Sadhwani, Raunak"]
[Result "0-1"]
[WhiteElo "2427"]
[BlackElo "2664"]
[PlyCount "62"]
[EventDate "2025.??.??"]

1. e4 c5 2. Nf3 Nc6 3. Nc3 d6 4. d4 cxd4 5. Nxd4 Nf6 6. Bg5 e6 7. Qd2 a6 8. O-O-O Bd7 9. f4 Be7 10. Nf3 b5 11. Bxf6 gxf6 12. f5 Qb6 13. Kb1 O-O-O 14. g3 Kb8 15. fxe6 fxe6 16. Qe1 b4 17. Ne2 e5 18. Nc1 Be6 19. Bg2 Rc8 20. Rf1 Rc7 21. Qf2 Qb5 22. Qe3 Na5 23. Qe1 Nc4 24. Rf2 Qb6 25. Rd3 d5 26. exd5 e4 27. dxe6 exd3 28. Nxd3 Rd8 29. Nh4 Rxd3 30. cxd3 Na3+ 31. Ka1 Qxf2 0-1

[Event "BL 2425 USV TU Dresden - Düsseldorfer S"]
[Site "?"]
[Date "2025.03.22"]
[Round "11.7"]
[White "Gustafsson, Jan"]
[Black "Loxine, Jakov"]
[Result "1-0"]
[WhiteElo "2602"]
[BlackElo "2386"]
[PlyCount "47"]
[EventDate "2025.??.??"]

1. d4 Nf6 2. c4 e6 3. Nf3 Nc6 4. Nc3 Bb4 5. Qc2 d6 6. Bd2 a5 7. a3 Bxc3 8. Bxc3 Qe7 9. e4 e5 10. d5 Nb8 11. c5 O-O 12. cxd6 cxd6 13. Nd2 Nbd7 14. Be2 b6 15. b4 axb4 16. axb4 Bb7 17. O-O Rfc8 18. Rxa8 Rxa8 19. Ra1 Qd8 20. Bb5 Rxa1+ 21. Bxa1 Nf8 22. Nc4 Ng4 23. f3 Qh4 24. g3 1-0

[Event "BL 2425 USV TU Dresden - Düsseldorfer S"]
[Site "?"]
[Date "2025.03.22"]
[Round "11.8"]
[White "Wong, Gengchun"]
[Black "Bologan, Victor"]
[Result "0-1"]
[WhiteElo "2255"]
[BlackElo "2607"]
[PlyCount "82"]
[EventDate "2025.??.??"]

1. e4 g6 2. d4 Bg7 3. Nc3 c6 4. f4 d5 5. e5 Nh6 6. Nf3 f6 7. Bd3 Bg4 8. h3 Bxf3 9. Qxf3 e6 10. exf6 Qxf6 11. Ne2 Nf5 12. c3 Nd7 13. Bd2 c5 14. dxc5 Nxc5 15. Bc2 O-O 16. O-O Rac8 17. Rae1 b5 18. Ng3 b4 19. Bxf5 exf5 20. Qxd5+ Kh8 21. Qf3 Rfd8 22. Re2 Nd3 23. Kh2 Qa6 24. cxb4 Bxb2 25. Re7 Bf6 26. Rf7 Bd4 27. Be3 Kg8 28. Re7 Nxb4 29. Bxd4 Rxd4 30. Qb3+ Nd5 31. Rd7 Qc6 32. Rxa7 Rb4 33. Qd1 Ne3 34. Qd2 Nxf1+ 35. Nxf1 Rb7 36. Rxb7 Qxb7 37. Ne3 Qc7 38. Nd5 Qd6 39. Qd4 Kf7 40. Qa7+ Ke6 41. Qb7 Rc5 0-1

[Event "BL 2425 Hamburger SK - FC Bayern Münche"]
[Site "?"]
[Date "2025.03.22"]
[Round "11.1"]
[White "Idani, Pouya"]
[Black "Kempinski, Robert"]
[Result "1/2-1/2"]
[WhiteElo "2619"]
[BlackElo "2544"]
[PlyCount "147"]
[EventDate "2025.??.??"]

1. e4 c5 2. Nf3 Nc6 3. d4 cxd4 4. Nxd4 e5 5. Nb5 d6 6. c4 g6 7. Bd3 Nf6 8. Bg5 Be7 9. O-O a6 10. N5a3 Nh5 11. Be3 Nf4 12. Nc3 O-O 13. Nd5 Nxd5 14. cxd5 Nd4 15. f4 Bf6 16. Qd2 Bd7 17. Qf2 Bg7 18. f5 gxf5 19. exf5 Bf6 20. Nb1 Bb5 21. Bxb5 axb5 22. Nc3 Kh8 23. Rad1 Rg8 24. a3 Rc8 25. Bxd4 exd4 26. Nxb5 Rc5 27. Nxd4 Rxd5 28. b4 Qa8 29. Nc2 b5 30. g3 Be5 31. Rxd5 Qxd5 32. Qf3 Qa2 33. Rf2 Rc8 34. f6 Qe6 35. Qb7 h6 36. Qf3 Rg8 37. Qe3 Qh3 38. Rf3 Rg6 39. Qe2 Qh5 40. Qf1 Qg5 41. Kg2 Qd2+ 42. Qf2 Qd5 43. Ne3 Qe4 44. Qc2 Qb7 45. Qd3 Rxf6 46. Qd5 Qxd5 47. Nxd5 Rxf3 48. Kxf3 Bb2 49. Ke4 Bxa3 50. Kd3 Kg7 51. Kc3 f5 52. Nc7 Kf6 53. Nxb5 Bxb4+ 54. Kxb4 f4 55. gxf4 Kf5 56. Kc3 Kxf4 57. Nd4 Kg4 58. Kd3 Kh3 59. Nf3 h5 60. Ke3 Kg2 61. Kf4 Kh3 62. Ke4 Kg2 63. Ke3 d5 64. Kf4 Kh3 65. Ke3 Kg2 66. Ke2 d4 67. Nxd4 Kxh2 68. Kf2 Kh3 69. Kf3 Kh4 70. Ne6 Kh3 71. Ng5+ Kh4 72. Ne4 Kh3 73. Ng3 Kh4 74. Nxh5 1/2-1/2

[Event "BL 2425 Hamburger SK - FC Bayern Münche"]
[Site "?"]
[Date "2025.03.22"]
[Round "11.2"]
[White "Papp, Gabor"]
[Black "Lokander, Martin"]
[Result "1-0"]
[WhiteElo "2499"]
[BlackElo "2466"]
[PlyCount "99"]
[EventDate "2025.??.??"]

1. e4 e5 2. Nf3 Nc6 3. Bb5 Nf6 4. O-O Nxe4 5. Re1 Nd6 6. Nxe5 Be7 7. Bf1 Nxe5 8. Rxe5 O-O 9. d4 Bf6 10. Re1 Nf5 11. c3 d5 12. Bf4 Be7 13. Nd2 Bd6 14. Bxd6 Nxd6 15. Qf3 c6 16. Qf4 Bf5 17. Re3 Qd7 18. Rae1 Be6 19. Nf3 Rae8 20. Ne5 Qc7 21. Bd3 c5 22. dxc5 Qxc5 23. Nf3 h6 24. Nd4 Bd7 25. h3 Rxe3 26. Rxe3 Re8 27. Rxe8+ Bxe8 28. Qe5 Bd7 29. Qe7 Qc7 30. Bg6 Qc8 31. Qxd6 fxg6 32. Qxg6 Qc4 33. Qd6 Bc8 34. Qb8 a5 35. Kh2 Kh7 36. a3 a4 37. f3 Qc5 38. f4 Bd7 39. Qe5 Kg8 40. f5 Kf7 41. Ne6 Bxe6 42. fxe6+ Ke7 43. Qxg7+ Kxe6 44. Qxh6+ Kf5 45. Qh5+ Kf6 46. Qh4+ Kg6 47. Qxa4 Qd6+ 48. Kh1 Qb6 49. Qg4+ Kh6 50. Qf4+ 1-0

[Event "BL 2425 Hamburger SK - FC Bayern Münche"]
[Site "?"]
[Date "2025.03.22"]
[Round "11.3"]
[White "Kurmann, Oliver"]
[Black "Lampert, Jonas"]
[Result "0-1"]
[WhiteElo "2416"]
[BlackElo "2534"]
[PlyCount "100"]
[EventDate "2025.??.??"]

1. e4 e5 2. Nf3 Nc6 3. Bb5 a6 4. Ba4 Nf6 5. O-O Bc5 6. c3 b5 7. Bb3 d6 8. d4 Ba7 9. a4 b4 10. h3 bxc3 11. bxc3 O-O 12. Be3 h6 13. Nbd2 exd4 14. cxd4 Nb4 15. Re1 Nd3 16. Re2 a5 17. Nc4 Nb4 18. e5 Ne4 19. Rc1 d5 20. Nb2 Rb8 21. Re1 Bf5 22. Nd2 Rb6 23. Nxe4 Bxe4 24. f3 Bf5 25. Re2 Qd7 26. Rc5 Ra6 27. Rc3 Rb8 28. Qc1 Rb7 29. Kh2 Rc6 30. Rd2 Rbb6 31. Rxc6 Rxc6 32. Qd1 Rc3 33. Bf2 Qc6 34. Re2 Rc1 35. Qd2 Qc3 36. Qxc3 Rxc3 37. Bd1 Nc6 38. Rd2 Bb6 39. g3 g5 40. Kg2 Kg7 41. g4 Bg6 42. Kf1 Nd8 43. h4 Ne6 44. h5 Bb1 45. Bg1 c6 46. Bf2 f6 47. exf6+ Kxf6 48. Bg1 Bc7 49. Bf2 Bf4 50. Re2 Bc1 0-1

[Event "BL 2425 Hamburger SK - FC Bayern Münche"]
[Site "?"]
[Date "2025.03.22"]
[Round "11.4"]
[White "Costa, Leonardo"]
[Black "Johansson, Linus"]
[Result "1-0"]
[WhiteElo "2500"]
[BlackElo "2393"]
[PlyCount "119"]
[EventDate "2025.??.??"]

1. e4 e6 2. d4 d5 3. e5 c5 4. c3 Nc6 5. Nf3 Bd7 6. Be2 f6 7. O-O fxe5 8. Nxe5 Nxe5 9. dxe5 Qc7 10. Re1 O-O-O 11. Bf1 Ne7 12. a4 Ng6 13. Na3 Kb8 14. b4 d4 15. cxd4 cxb4 16. Nb5 Qa5 17. Bg5 Be7 18. Bxe7 Nxe7 19. Nd6 Rhf8 20. Qd2 Bc6 21. Bb5 Bxb5 22. axb5 Qb6 23. Qxb4 Nf5 24. Qc5 Nxd6 25. Qxb6 axb6 26. exd6 Rxd6 27. f3 Rf5 28. Rab1 Rfd5 29. Rb4 Kc7 30. Re4 Kd8 31. Kf2 Ke7 32. g4 Rd8 33. f4 Kf7 34. Ke3 h5 35. h3 Ra8 36. Rb3 hxg4 37. hxg4 Rh8 38. Kf2 Rh2+ 39. Kg3 Rc2 40. Rbe3 Rd6 41. d5 Rxd5 42. Rxe6 Rxb5 43. Re7+ Kf8 44. Re8+ Kf7 45. R3e7+ Kf6 46. Re6+ Kf7 47. R8e7+ Kf8 48. Rxb7 g5 49. Rf6+ Ke8 50. fxg5 Rb3+ 51. Kf4 Rc4+ 52. Kf5 Rb5+ 53. Kg6 Rxg4 54. Rf5 Rxf5 55. Kxf5 Rg1 56. Kf6 Rf1+ 57. Kg7 Rb1 58. g6 b5 59. Kh8 b4 60. Rh7 1-0